Establecidos y marginados : una investigación sociológica sobre problemas comunitarios /
Αποθηκεύτηκε σε:
| Κύριοι συγγραφείς: | , |
|---|---|
| Άλλοι συγγραφείς: | |
| Μορφή: | Ηλεκτρονική πηγή Ηλ. βιβλίο |
| Γλώσσα: | Ισπανικά Αγγλικά |
| Έκδοση: |
México, D.F. :
Fondo de Cultura Económica,
2015.
|
| Έκδοση: | Primera edición electrónica. |
| Σειρά: | Sección de obras de sociología.
|
| Θέματα: | |
| Διαθέσιμο Online: | Digitalia Hispánica |
| Ετικέτες: |
Προσθήκη ετικέτας
Δεν υπάρχουν, Καταχωρήστε ετικέτα πρώτοι!
|
MARC
| LEADER | 00000nam a2200000Ii 4500 | ||
|---|---|---|---|
| 001 | DIGFCE0032 | ||
| 003 | NyNyDIG | ||
| 007 | cr ||||||||||| | ||
| 008 | 220214s2015 mx ob 001 0 spa d | ||
| 006 | m o d | ||
| 035 | |a (OCoLC)1319852018 | ||
| 040 | |a DGITA |b eng |e rda |e pn |c DGITA | ||
| 020 | |a 9786071634115 |q eBook | ||
| 020 | |z 9786071625731 | ||
| 041 | 1 | |a spa |h eng | |
| 043 | |a e-uk--- | ||
| 050 | 1 | 4 | |a HN385.5 ebook |
| 082 | 1 | 4 | |a 364.360942 |
| 100 | 1 | |a Elias, Norbert, |d 1897-1990, |e author. | |
| 240 | 1 | 0 | |a Established and the outsiders. |l Spanish |s (Altamirano) |
| 245 | 1 | 0 | |a Establecidos y marginados : |b una investigación sociológica sobre problemas comunitarios / |c Norbert Elias, John L. Scotson ; traducción de Victor Altamirano. |
| 250 | |a Primera edición electrónica. | ||
| 264 | 1 | |a México, D.F. : |b Fondo de Cultura Económica, |c 2015. | |
| 300 | |a 1 online resource. | ||
| 336 | |a text |b txt |2 rdacontent | ||
| 337 | |a computer |b c |2 rdamedia | ||
| 338 | |a online resource |b cr |2 rdacarrier | ||
| 347 | |a text file |2 rdaft | ||
| 347 | |b EPUB | ||
| 490 | 1 | |a Sección de obras de sociología | |
| 504 | |a Includes bibliographical references and index. | ||
| 588 | 0 | |a Online resource; title from ePub title page (Digitalia, viewed February 14, 2021) | |
| 650 | 0 | |a Social surveys |z Great Britain |v Case studies. | |
| 655 | 0 | |a Electronic books. | |
| 700 | 1 | |a Scotson, John L., |e author. | |
| 700 | 1 | |a Altamirano, Víctor, |e translator. | |
| 700 | 1 | |i Translation of: |a Elias, Norbert, |d 1897-1990. |t Established and the outsiders. | |
| 791 | 2 | |a Digitalia (Firm), |e distributor. | |
| 793 | 0 | |g Digitalia eBook Collection: |a Fondo de Cultura Económica | |
| 776 | 0 | 8 | |i Print version: |a Elias, Norbert, 1897-1990. |s Established and the outsiders. Spanish (Altamirano). |t Establecidos y marginados. |b Primera edición. |d México, D.F. : Fondo de Cultura Económica, 2015 |z 9786071625731 |
| 830 | 0 | |a Sección de obras de sociología. | |
| 856 | 4 | 0 | |3 Digitalia Hispánica |u https://digitalia.unach.elogim.com/a/43725/ |
| 910 | |a Premium collection: 2022 | ||